[Event "WYCC U18 Girls 2013"]
[Site "Al-Ain UAE"]
[Date "2013.12.23"]
[Round "7.14"]
[White "Regam, Jessica"]
[Black "Michelle Catherina, P"]
[Result "1/2-1/2"]
[WhiteTitle "WFM"]
[WhiteElo "2019"]
[BlackElo "2137"]
[WhiteFideId "2033496"]
[BlackFideId "5005736"]
[EventDate "2013.12.18"]

1. e4 e5 2. Nf3 Nc6 3. Bb5 a6 4. Ba4 Nge7 5. O-O g6 6. c3 Bg7 7. d4 exd4 8. cxd4
b5 9. Bb3 O-O 10. Nc3 d6 11. h3 h6 12. Bf4 Kh7 13. Re1 f5 14. e5 dxe5 15. dxe5
Qxd1 16. Raxd1 g5 17. Bh2 Na5 18. Bc2 Kg8 19. Nd5 Nxd5 20. Rxd5 Be6 21. Rc5 Bxa2
22. Rxc7 Bb3 23. Nd4 Bxc2 24. Rxc2 f4 25. Ne6 Rfc8 26. Rxc8+ Rxc8 27. g3 f3 28.
g4 Nc4 29. Nxg7 Kxg7 30. e6 Kf6 31. e7 Re8 32. Bc7 Kf7 33. Bd8 Nxb2 34. Re3 Nc4
35. Rxf3+ Kg7 36. Rf5 Nd6 37. Rd5 Nc8 38. Rd7 Kf7 39. Kf1 Nxe7 40. Ba5 Kg8 41.
Rd6 Rb8 42. Rxa6 b4 43. Bxb4 Rxb4 44. Rxh6 Kg7 45. Rh5 Kf6 46. h4 Rxg4 47. hxg5+
Kg6 48. Rh2 Ra4 49. Rg2 Nd5 50. Ke1 Nf4 51. Rg3 Ra2 52. Rb3 Kxg5 53. f3 Ng2+ 54.
Kd1 Kf4 55. Kc1 Ne3 56. Kb1 Rd2 57. Rb2 Rd1+ 58. Ka2 Kxf3 59. Rb8 Rc1 60. Kb2
Rc7 61. Kb3 Ke4 62. Re8+ Kd4 63. Rd8+ Nd5 64. Rh8 Rc3+ 65. Kb2 Rg3 66. Rd8 Rg7
67. Kc2 Rb7 68. Rh8 Ne3+ 69. Kd2 Rb2+ 70. Ke1 Nf5 71. Rd8+ Ke3 72. Re8+ Kd3 73.
Rd8+ Nd4 74. Kf1 Ke3 75. Re8+ Kf4 76. Ke1 Nf5 77. Kd1 Ne3+ 78. Kc1 Rc2+ 79. Kb1 1/2-1/2

[Event "WYCC U18 Girls 2013"]
[Site "Al-Ain UAE"]
[Date "2013.12.23"]
[Round "7.16"]
[White "Botez, Alexandra"]
[Black "Bengtsson, Jessica"]
[Result "1/2-1/2"]
[WhiteTitle "WFM"]
[WhiteElo "2086"]
[BlackElo "1970"]
[WhiteFideId "2603365"]
[BlackFideId "1711083"]
[EventDate "2013.12.18"]

1. d4 d5 2. Nf3 Nf6 3. e3 e6 4. Bd3 Be7 5. Nbd2 O-O 6. b3 c5 7. Bb2 Nc6 8. dxc5
Bxc5 9. a3 d4 10. exd4 Nxd4 11. b4 Nxf3+ 12. Nxf3 Be7 13. Ne5 Qc7 14. Qf3 Bd7
15. O-O Bc6 16. Nxc6 Qxc6 17. Qh3 g6 18. Rae1 Nh5 19. Re4 Bf6 20. Bxf6 Nxf6 21.
Rc4 Qd7 22. Rc5 Qd6 23. Qh4 Nd5 24. Be4 Rac8 25. Ra5 Qb6 26. Bxd5 exd5 27. Rxd5
Rxc2 28. Rfd1 Re8 29. h3 Ree2 30. R5d4 Re8 31. Qf4 Qc7 32. Qg5 Qe7 33. Qh6 Qf6
34. Rf4 Qe5 35. Rh4 Qg7 36. Qg5 Rc7 37. a4 h5 38. b5 Rce7 39. Qd2 Re2 40. Qd3
R2e5 41. Qg3 Re1+ 42. Rxe1 Rxe1+ 43. Kh2 Qe5 44. Rf4 Kg7 45. h4 a6 46. bxa6 bxa6
47. Qf3 Qc7 48. g3 Re7 49. Qd5 a5 50. Rc4 Qe5 51. Rc5 Qxd5 52. Rxd5 Ra7 53. Kg2
Kf6 54. Kf3 Ke6 55. Ke4 Ra6 56. Re5+ Kd6 57. Kd4 Ra7 58. f4 f6 59. Rc5 f5 60.
Kc4 Ra8 61. Rd5+ Ke6 62. Rb5 Rc8+ 63. Rc5 Ra8 64. Rc6+ Kf7 65. Kb5 Rb8+ 66. Rb6
Ra8 67. Rb7+ Ke6 68. Rg7 Kf6 69. Rc7 Ke6 70. Rc6+ Kf7 71. Rc3 Ke6 72. Kb6 Kf6
73. Re3 Kf7 74. Rc3 Ke6 75. Rc6+ Kf7 76. Rc5 Kf6 77. Rc6+ Kf7 1/2-1/2

[Event "WYCC U18 Girls 2013"]
[Site "Al-Ain UAE"]
[Date "2013.12.23"]
[Round "7.17"]
[White "Bezkorovaina, Mariia"]
[Black "Nguyen, Thi Thuy Trien"]
[Result "1-0"]
[BlackTitle "WFM"]
[WhiteElo "2081"]
[BlackElo "1945"]
[WhiteFideId "14116324"]
[BlackFideId "12404179"]
[EventDate "2013.12.18"]

1. e4 Nf6 2. d3 e5 3. Nf3 d6 4. g3 Nc6 5. Bg2 Bg4 6. h3 Bh5 7. c3 Be7 8. O-O O-O
9. Nbd2 d5 10. Re1 dxe4 11. dxe4 b5 12. a4 a6 13. Qb3 Rb8 14. axb5 axb5 15. Nf1
Qc8 16. Nh4 Re8 17. Nf5 Bf8 18. Bg5 Nd7 19. g4 Bg6 20. N1g3 Nc5 21. Qd5 Qe6 22.
b4 Na4 23. Rec1 f6 24. Be3 Bf7 25. c4 Nb2 26. cxb5 Qxd5 27. exd5 Nxb4 28. Rxc7
Nxd5 29. Rxf7 Nxe3 30. Rxf8+ Rxf8 31. fxe3 Rxb5 32. Ra7 g6 33. Nh6+ Kh8 34. Ne4
Rb6 35. g5 f5 36. Nf6 Rbxf6 37. gxf6 Rxf6 38. Bd5 Rf8 39. h4 g5 40. hxg5 Rc8 41.
Nf7+ 1-0

[Event "WYCC U18 Girls 2013"]
[Site "Al-Ain UAE"]
[Date "2013.12.23"]
[Round "7.18"]
[White "Unapkoshvili, Nani"]
[Black "Ballantyne, Rochelle"]
[Result "1-0"]
[WhiteElo "2081"]
[BlackElo "1934"]
[WhiteFideId "13605518"]
[BlackFideId "2058235"]
[EventDate "2013.12.18"]

1. d4 d5 2. c4 c6 3. Nf3 Nf6 4. Qc2 e6 5. g3 Nbd7 6. Bg2 Bd6 7. O-O O-O 8. Rd1
c5 9. cxd5 exd5 10. dxc5 Nxc5 11. Nc3 Be6 12. Ng5 h6 13. Nxe6 fxe6 14. e4 Ncxe4
15. Nxe4 dxe4 16. Bf4 Nd5 17. Bxd6 Qxd6 18. Bxe4 Rac8 19. Qe2 Qc5 20. a3 b6 21.
b4 Nc3 22. Qe1 Qg5 23. Rd7 Qf6 24. Bd3 Rfd8 25. Rxd8+ Rxd8 26. Bc4 Ne4 27. Ra2
Nc3 28. Qxe6+ Qxe6 29. Bxe6+ Kf8 30. Ra1 Rd2 31. Bg4 Ne4 32. Re1 Nf6 33. Bf5 Kf7
34. Kg2 Nd5 35. Kf3 Kf6 36. g4 Ne7 37. Be4 Nc8 38. Re2 Rd1 39. Bc2 Rd4 40. Re3
Ne7 41. Rd3 Rc4 42. Bb3 Rc6 43. b5 Rc5 44. a4 Ng6 45. Ke4 Re5+ 46. Kd4 Re7 47.
Re3 Rd7+ 48. Ke4 Ne5 49. h3 g5 50. Rc3 Re7 51. Kd4 Rd7+ 52. Bd5 Ng6 53. Rc6+ Kg7
54. Ke4 Ne7 55. Be6 Rd1 56. Rc3 Kf6 57. Bb3 Rd7 58. Rf3+ Kg6 59. Ke5 Nc8 60. Be6
Rc7 61. Rf8 Rc5+ 62. Kd4 Nd6 63. Ra8 Kf6 64. Bd5 Rc7 65. Rd8 Nc8 66. Bc6 Ne7 67.
Rd7 Nxc6+ 68. bxc6 Rxc6 69. Rxa7 Rd6+ 70. Kc4 Ke5 71. Kb5 Kf4 72. Rb7 1-0

[Event "WYCC U18 Girls 2013"]
[Site "Al-Ain UAE"]
[Date "2013.12.23"]
[Round "7.19"]
[White "Utiatskaja, Irina"]
[Black "Boshra, Alshaeby"]
[Result "1-0"]
[BlackTitle "WFM"]
[WhiteElo "2069"]
[BlackElo "1933"]
[WhiteFideId "24140848"]
[BlackFideId "8102937"]
[EventDate "2013.12.18"]

1. e4 g6 2. d4 Bg7 3. Nf3 c5 4. Nc3 cxd4 5. Nxd4 Nc6 6. Be3 Nf6 7. Bc4 O-O 8.
Bb3 d6 9. f3 Bd7 10. Qd2 a6 11. h4 Na5 12. h5 Nxb3 13. cxb3 Rc8 14. hxg6 fxg6
15. O-O-O b5 16. Kb1 Rf7 17. Nd5 Nxd5 18. exd5 Bf5+ 19. Ka1 Bxd4 20. Qxd4 a5 21.
Rc1 e6 22. dxe6 Bxe6 23. Rxc8 Qxc8 24. Qxd6 Rc7 25. Bf4 Rc6 26. Qe7 Bf7 27. Rd1
Re6 28. Qh4 Qc2 29. Rh1 h5 30. Qd8+ Re8 31. Qd4 Qxg2 32. Rg1 Qe2 33. Bd2 Qe5 34.
Qh4 Qc5 35. Rc1 Qe7 36. Bg5 Qb4 37. Qf2 a4 38. Bd2 Qd6 39. f4 axb3 40. f5 Ra8
41. Qe3 Rxa2+ 42. Kb1 Ra1+ 1-0

[Event "WYCC U18 Girls 2013"]
[Site "Al-Ain UAE"]
[Date "2013.12.23"]
[Round "7.20"]
[White "Marikova, Jana"]
[Black "Mendez Tovar, Jessica Yissel"]
[Result "1-0"]
[BlackTitle "WFM"]
[WhiteElo "2062"]
[BlackElo "1887"]
[WhiteFideId "334138"]
[BlackFideId "5113580"]
[EventDate "2013.12.18"]

1. d4 Nf6 2. c4 g6 3. Nc3 Bg7 4. e4 d6 5. Nf3 O-O 6. Be2 e5 7. O-O Nc6 8. d5 Ne7
9. Ne1 Ne8 10. Nd3 f5 11. f4 b6 12. Bf3 Bb7 13. Re1 exf4 14. Nxf4 Bc8 15. Nb5
Be5 16. Nd3 f4 17. Nxe5 dxe5 18. b4 Nd6 19. Na3 g5 20. Bb2 Ng6 21. c5 bxc5 22.
bxc5 Nb7 23. Nc4 Re8 24. Bh5 Nxc5 25. Bxg6 hxg6 26. Nxe5 Kh7 27. Qd4 Qe7 28. Nc6
Nb3 29. axb3 1-0

[Event "WYCC U18 Girls 2013"]
[Site "Al-Ain UAE"]
[Date "2013.12.23"]
[Round "7.21"]
[White "Saranya, J"]
[Black "Nikolovska, Dragana"]
[Result "1-0"]
[WhiteTitle "WFM"]
[WhiteElo "2057"]
[BlackElo "1876"]
[WhiteFideId "5031931"]
[BlackFideId "15000133"]
[EventDate "2013.12.18"]

1. e4 c5 2. Nf3 g6 3. c4 Bg7 4. Nc3 d6 5. d4 cxd4 6. Nxd4 Nc6 7. Nb3 Nf6 8. Be2
O-O 9. O-O a6 10. h3 Be6 11. Be3 Na5 12. Nxa5 Qxa5 13. Bd4 Rfc8 14. Nd5 Nxd5 15.
exd5 Bf5 16. g4 Bd7 17. Re1 b5 18. b3 bxc4 19. Bxc4 Qd8 20. a4 a5 21. Ra2 Bxd4
22. Qxd4 Rc7 23. Rae2 Be8 24. h4 h6 25. h5 Kh7 26. Qf4 Raa7 27. Re3 f6 28. Bd3
Bf7 29. Rh3 Qf8 30. g5 f5 31. hxg6+ Bxg6 32. Rxh6+ Kg7 33. Re6 Bh7 34. g6 Bg8
35. Qd4+ Kxh6 36. g7+ Qf6 37. Rxf6+ exf6 38. Qxf6+ Kh5 39. Be2# 1-0

[Event "WYCC U18 Girls 2013"]
[Site "Al-Ain UAE"]
[Date "2013.12.23"]
[Round "7.23"]
[White "Baraeva, Marina"]
[Black "Ruiz Olate, Emily Andrea"]
[Result "1-0"]
[WhiteTitle "WIM"]
[WhiteElo "2136"]
[BlackElo "1851"]
[WhiteFideId "24142573"]
[BlackFideId "3413535"]
[EventDate "2013.12.18"]

1. d4 Nf6 2. c4 g6 3. Nc3 Bg7 4. e4 d6 5. Be2 O-O 6. Nf3 Nbd7 7. O-O e5 8. Be3
Re8 9. d5 Nc5 10. Nd2 a5 11. a3 Bd7 12. b4 axb4 13. axb4 Rxa1 14. Qxa1 Na6 15.
Qb2 Ng4 16. Bxg4 Bxg4 17. c5 Qe7 18. c6 Rb8 19. Qa3 Rd8 20. cxb7 Nb8 21. Ba7 Bh6
22. Nc4 Qg5 23. Be3 Qh5 24. Bxh6 Qxh6 25. Qa5 Rd7 26. f3 1-0

[Event "WYCC U18 Girls 2013"]
[Site "Al-Ain UAE"]
[Date "2013.12.23"]
[Round "7.24"]
[White "Roy, Ali"]
[Black "Guo, Emma"]
[Result "1/2-1/2"]
[BlackTitle "WIM"]
[WhiteElo "1891"]
[BlackElo "2011"]
[WhiteFideId "2400456"]
[BlackFideId "3200795"]
[EventDate "2013.12.18"]

1. e4 e5 2. Nf3 Nc6 3. Bb5 a6 4. Ba4 Nf6 5. O-O Be7 6. Re1 b5 7. Bb3 O-O 8. c3
d5 9. d3 dxe4 10. dxe4 Bg4 11. Bg5 Qxd1 12. Bxd1 Rad8 13. Nbd2 h6 14. Bh4 Rd6
15. a4 Rfd8 16. axb5 axb5 17. Bxf6 Bxf6 18. Be2 Bg5 19. Nb3 Bxf3 20. Bxf3 b4 21.
c4 Nd4 22. Bd1 Nxb3 23. Bxb3 Rd2 24. Rab1 Be7 25. Kf1 R8d4 26. f3 R4d3 27. Rbd1
Bc5 28. Rxd2 Rxd2 29. Re2 Rxe2 30. Kxe2 Bd4 31. Kd3 Bxb2 32. c5 Kf8 33. Kc4 Bc3
34. Kd5 Ke7 35. Kc6 Bd4 36. Kb5 Bc3 1/2-1/2

[Event "WYCC U18 Girls 2013"]
[Site "Al-Ain UAE"]
[Date "2013.12.23"]
[Round "7.26"]
[White "Chiarion, Elisa"]
[Black "Machlik, Edit"]
[Result "1/2-1/2"]
[WhiteElo "1957"]
[BlackElo "1855"]
[WhiteFideId "828653"]
[BlackFideId "1513591"]
[EventDate "2013.12.18"]

1. e4 c5 2. Nf3 a6 3. c4 Nc6 4. d4 cxd4 5. Nxd4 e5 6. Nf5 d6 7. Ne3 g6 8. Be2
Bh6 9. Nc3 Nge7 10. Ned5 Bxc1 11. Nf6+ Kf8 12. Rxc1 Kg7 13. Ncd5 Be6 14. O-O h5
15. f4 exf4 16. Nxf4 Qb6+ 17. Kh1 Ne5 18. Rc3 Rac8 19. b3 Ng8 20. N6xh5+ gxh5
21. Nxe6+ fxe6 22. Rg3+ Kh7 23. Bd3 Nh6 24. Qxh5 Rcf8 25. Rh3 Rxf1+ 26. Bxf1 Kg7
27. Qg5+ Kf7 28. Be2 Qf2 29. Bh5+ Kf8 30. Qd8+ Kg7 31. Qg5+ Kf8 32. Qd8+ Kg7 33.
Qg5+ Kf8 1/2-1/2

[Event "WYCC U18 Girls 2013"]
[Site "Al-Ain UAE"]
[Date "2013.12.23"]
[Round "7.27"]
[White "Kopnicka, Henrieta"]
[Black "Leonardi, Caterina"]
[Result "1-0"]
[WhiteElo "1776"]
[BlackElo "1939"]
[WhiteFideId "14923564"]
[BlackFideId "14601036"]
[EventDate "2013.12.18"]

1. c4 Nf6 2. Nc3 g6 3. Nf3 Bg7 4. g3 O-O 5. Bg2 c5 6. d4 d6 7. O-O Na6 8. b3 Rb8
9. Bb2 Bg4 10. h3 Bd7 11. dxc5 Nxc5 12. Nd4 a6 13. Rc1 Qc8 14. Kh2 Ne6 15. Nxe6
Bxe6 16. Qd2 Qd7 17. Rfd1 b5 18. cxb5 axb5 19. e4 Qa7 20. Ba1 Nh5 21. Nd5 Rfc8
22. Bxg7 Kxg7 23. Nb4 Qb6 24. f4 Rxc1 25. Rxc1 Rc8 26. Rxc8 Bxc8 27. Qc3+ f6 28.
Qxc8 Nxg3 29. Kxg3 Qe3+ 30. Kh2 Qxf4+ 31. Kg1 Qe3+ 32. Kf1 Qg3 33. Qg4 Qc3 34.
Nd5 Qc2 35. Ke1 h5 36. Qe2 Qc1+ 37. Kf2 Qg5 38. Qe3 Qe5 39. Qc3 Qg5 40. Nxe7 b4
41. Qe3 Qa5 42. Nd5 Qxa2+ 43. Kg1 Qa1+ 44. Kh2 Qe5+ 45. Qf4 1-0

[Event "WYCC U18 Girls 2013"]
[Site "Al-Ain UAE"]
[Date "2013.12.23"]
[Round "7.28"]
[White "Abdelmenaem, Sohayla"]
[Black "Soyunlu, Narmin"]
[Result "0-1"]
[WhiteTitle "WFM"]
[WhiteElo "1734"]
[BlackElo "1908"]
[WhiteFideId "10610529"]
[BlackFideId "13400843"]
[EventDate "2013.12.18"]

1. d4 d5 2. c4 c6 3. Nc3 Nf6 4. Nf3 dxc4 5. a4 Bf5 6. e3 e6 7. Bxc4 Bb4 8. O-O
Nbd7 9. Qe2 O-O 10. e4 Bg6 11. Bd3 Bh5 12. e5 Nd5 13. Nxd5 cxd5 14. h3 Be7 15.
g4 Bg6 16. Nh2 Bxd3 17. Qxd3 f6 18. exf6 Nxf6 19. f4 Ne4 20. Nf3 Rc8 21. Nd2 Bf6
22. g5 Bxg5 23. fxg5 Qxg5+ 24. Kh2 Rxf1 25. Qxf1 Qg3+ 26. Kh1 Nf2+ 27. Qxf2 Qxf2 0-1

[Event "WYCC U18 Girls 2013"]
[Site "Al-Ain UAE"]
[Date "2013.12.23"]
[Round "7.29"]
[White "Bauer, Valentina"]
[Black "Kakhramonova, Mokhinur"]
[Result "0-1"]
[WhiteElo "1787"]
[BlackElo "2004"]
[WhiteFideId "1616935"]
[BlackFideId "14201771"]
[EventDate "2013.12.18"]

1. e4 d6 2. d4 g6 3. c3 Bg7 4. Bc4 Nf6 5. Qc2 O-O 6. Bg5 c6 7. Nd2 Nbd7 8. f4 d5
9. Bd3 dxe4 10. Nxe4 Nxe4 11. Bxe4 Nf6 12. Bd3 Nd5 13. f5 Qd6 14. O-O-O e5 15.
fxg6 fxg6 16. dxe5 Qxe5 17. Qd2 b5 18. Nf3 Qc7 19. Be4 Bb7 20. Nd4 Rac8 21.
Bxd5+ cxd5 22. Nxb5 Qb6 23. Nd4 Ba6 24. Rde1 Rb8 25. Re6 Qa5 26. a3 Qa4 27. Qc2
Qxc2+ 28. Nxc2 Bd3 29. Rd1 Be4 30. Nb4 Rf2 31. Nxd5 Rbxb2 32. Nb4 Rb1# 0-1

[Event "WYCC U18 Girls 2013"]
[Site "Al-Ain UAE"]
[Date "2013.12.23"]
[Round "7.30"]
[White "Korbovljanovic, Natasa"]
[Black "Tuzi, Bruna"]
[Result "1-0"]
[BlackTitle "WCM"]
[WhiteElo "1854"]
[BlackElo "1754"]
[WhiteFideId "900486"]
[BlackFideId "4701100"]
[EventDate "2013.12.18"]

1. e4 c5 2. d4 cxd4 3. Nf3 Nc6 4. Nxd4 Nf6 5. Nc3 e5 6. Ndb5 d6 7. Bg5 a6 8. Na3
b5 9. Nd5 Be7 10. Nxe7 Nxe7 11. Bxf6 gxf6 12. c3 Bb7 13. Bd3 d5 14. Qe2 Qb6 15.
Nc2 Rd8 16. O-O-O f5 17. f3 Qh6+ 18. Kb1 fxe4 19. fxe4 f5 20. exd5 Rxd5 21. Bxf5
Rxd1+ 22. Rxd1 Qxh2 23. Qg4 Qxg2 24. Qh5+ Kf8 25. Qh6+ Ke8 26. Bd7+ Kf7 27. Qe6+
Kf8 28. Qf6+ 1-0

[Event "WYCC U18 Girls 2013"]
[Site "Al-Ain UAE"]
[Date "2013.12.23"]
[Round "7.32"]
[White "Matisone, Dana"]
[Black "Ruhlmann, Helene"]
[Result "0-1"]
[WhiteElo "1744"]
[BlackElo "1830"]
[WhiteFideId "11603526"]
[BlackFideId "20643209"]
[EventDate "2013.12.18"]

1. e4 d5 2. exd5 Nf6 3. Nc3 Nxd5 4. Nxd5 Qxd5 5. d4 Nc6 6. c3 e5 7. Qe2 Bd6 8.
dxe5 Qxe5 9. Nf3 Qxe2+ 10. Bxe2 Bg4 11. Be3 O-O 12. h3 Bh5 13. O-O Ne5 14. g4
Bg6 15. Nxe5 Bxe5 16. f4 Bd6 17. f5 Rfe8 18. Rf3 Rxe3 19. Kf1 Rae8 20. Re1 Bxf5
21. gxf5 Kf8 22. Rxe3 Rxe3 23. Bg4 Rxe1+ 24. Kxe1 Ke7 25. Kf2 Kf6 26. h4 Ke5 27.
Kf3 g6 28. fxg6 hxg6 29. h5 f5 30. Bh3 g5 31. Bg2 Kf6 32. Kf2 c6 33. Bf1 b5 34.
Bg2 c5 35. Bc6 b4 36. cxb4 cxb4 37. Kf3 g4+ 38. Kg2 Kg5 39. Be8 f4 40. Kf2 f3
41. Bf7 Be5 42. b3 Kf4 43. h6 g3+ 44. Kg1 Bd4+ 0-1

[Event "WYCC U18 Girls 2013"]
[Site "Al-Ain UAE"]
[Date "2013.12.23"]
[Round "7.33"]
[White "Alymbay, Kyzy Aizhan"]
[Black "Dewanthi, A H Chamika"]
[Result "1-0"]
[WhiteElo "1814"]
[BlackElo "1584"]
[WhiteFideId "13800043"]
[BlackFideId "9906304"]
[EventDate "2013.12.18"]

1. e4 e5 2. Nf3 Nc6 3. Nc3 Bc5 4. Bc4 d6 5. h3 Be6 6. Bb3 h6 7. d3 Nf6 8. Be3
Bb6 9. Qd2 d5 10. exd5 Nxd5 11. Bxb6 axb6 12. O-O Qd7 13. Rfe1 f6 14. d4 Nf4 15.
Bxe6 Nxe6 16. d5 Ng5 17. Nh4 O-O-O 18. a4 Kb8 19. a5 Nxa5 20. b4 Nc4 21. Qe2 b5
22. Ra2 c6 23. Rd1 Qc8 24. Rda1 Nb6 25. Qe3 Qc7 26. Nf5 cxd5 27. Nxb5 d4 28. Qa3
Kc8 29. Nxc7 Kxc7 30. Qa5 Rd5 31. Qa3 Rd7 32. b5 Rd5 33. Qe7+ Kb8 34. Nd6 Rxd6
35. Qxd6+ Kc8 36. Ra8+ Nxa8 37. Rxa8# 1-0

[Event "WYCC U18 Girls 2013"]
[Site "Al-Ain UAE"]
[Date "2013.12.23"]
[Round "7.34"]
[White "Jayamurthey, Pavitranayagi"]
[Black "Lepeskaite, Migle"]
[Result "0-1"]
[WhiteElo "1694"]
[BlackElo "1810"]
[WhiteFideId "5708885"]
[BlackFideId "12803065"]
[EventDate "2013.12.18"]

1. e4 e5 2. Nf3 Nf6 3. Nc3 Nc6 4. Bc4 Bb4 5. a3 Bxc3 6. dxc3 O-O 7. Bg5 d6 8.
O-O Be6 9. Bxf6 Qxf6 10. Qd3 Ne7 11. Nd2 Ng6 12. Kh1 Nf4 13. Qe3 c6 14. Rfe1 b5
15. Bb3 Qg6 16. g3 Bh3 17. Rg1 Ne6 18. Nf3 Nc5 19. Nd2 Nxb3 20. cxb3 f5 21. Rad1
Rf7 22. Nf3 Bg4 23. Nh4 Qh5 24. f3 Bh3 25. exf5 Rf6 26. Qe4 Rc8 27. Qe1 Rh6 28.
Qf2 Rc7 29. Rd2 Bxf5 30. Nxf5 Qxf5 31. Qe2 Rf6 32. Kg2 Rcf7 33. Rf1 Qe6 34. b4
e4 35. f4 g5 36. Qe3 gxf4 37. gxf4 Rg7+ 38. Kh1 d5 39. Rdf2 Qf7 40. Qd4 Rg4 41.
Qe3 Rfg6 42. Qd4 Qg7 43. Qxg7+ Kxg7 44. Re2 Kf6 45. h3 Rh4 46. Re3 Kf5 47. Rfe1
Rxf4 48. Rg1 Rxg1+ 49. Kxg1 Rf3 50. Rxf3+ exf3 51. Kf2 Kf4 52. h4 h5 53. b3 a6
54. a4 Kg4 55. a5 Kf4 56. c4 dxc4 57. Kf1 cxb3 58. Kg1 b2 59. Kf2 Ke4 0-1

[Event "WYCC U18 Girls 2013"]
[Site "Al-Ain UAE"]
[Date "2013.12.23"]
[Round "7.35"]
[White "Durmaz, Ayca Fatma"]
[Black "Amra, Tasnim"]
[Result "1-0"]
[WhiteTitle "WCM"]
[BlackTitle "WFM"]
[WhiteElo "1799"]
[BlackElo "1570"]
[WhiteFideId "6317855"]
[BlackFideId "14300222"]
[EventDate "2013.12.18"]

1. c4 e5 2. g3 Nc6 3. Bg2 g6 4. Nc3 Bg7 5. Nf3 d6 6. O-O Nge7 7. Rb1 O-O 8. b4
Be6 9. d3 h6 10. b5 Nb8 11. a4 Nd7 12. Qc2 Nc5 13. Nd2 Qc8 14. Re1 Bh3 15. Bh1
Nf5 16. e3 Rb8 17. a5 Qd7 18. Ba3 Ne6 19. Nde4 Ne7 20. b6 axb6 21. axb6 c5 22.
Nb5 Nc8 23. Nbc3 f5 24. Nd2 Ra8 25. Qb3 Ne7 26. Bc1 h5 27. Nd5 g5 28. Qb5 Nc6
29. Nc7 Ra5 30. Qb3 f4 31. Ne4 fxg3 32. hxg3 Bh6 33. Bd2 Nb4 34. Bxb4 cxb4 35.
Qxb4 Ra2 36. Qb3 Ra5 37. Nd5 Kg7 38. Rb2 h4 39. Qb4 Ra4 40. Qxd6 Qxd6 41. Nxd6
Nc5 42. Be4 Ra3 43. Nb4 Nxe4 44. Nxe4 Rf7 45. c5 Be6 46. c6 hxg3 47. fxg3 Bc8
48. Nd6 Rf3 49. Nxc8 Rxg3+ 50. Kh2 Rg4 51. cxb7 Kg6 52. b8=Q Bg7 53. Qd6+ Kh7
54. Ne7 Rh4+ 55. Kg3 e4 56. Qg6+ Kh8 57. Qxg5 Rh6 58. b7 1-0

[Event "WYCC U18 Girls 2013"]
[Site "Al-Ain UAE"]
[Date "2013.12.23"]
[Round "7.37"]
[White "Schucman, Rebeca Lot"]
[Black "Comas Colon, Rinelly M."]
[Result "1-0"]
[BlackTitle "WFM"]
[WhiteElo "1672"]
[BlackElo "1790"]
[WhiteFideId "2140691"]
[BlackFideId "3101576"]
[EventDate "2013.12.18"]

1. d4 g6 2. c4 Bg7 3. Nc3 c5 4. d5 d6 5. e4 Nf6 6. Be2 O-O 7. Nf3 e6 8. dxe6
fxe6 9. e5 dxe5 10. Nxe5 Qd4 11. Nf3 Qxd1+ 12. Bxd1 Nc6 13. O-O Ng4 14. h3 Nge5
15. Nxe5 Nxe5 16. Be2 b6 17. Be3 Bd7 18. Rfd1 Rad8 19. a4 Nc6 20. a5 Nxa5 21.
Bxc5 bxc5 22. Rxa5 Bd4 23. Bf3 Rc8 24. Rxa7 Bc6 25. Rd3 Bxf3 26. gxf3 Rb8 27.
Nb5 Bxb2 28. Rc7 Rbc8 29. Re7 Rfe8 30. Rb7 Rf8 31. Rdd7 h5 32. Re7 Rfe8 33.
Rxe8+ Rxe8 34. Nd6 Rd8 35. Ne4 Ba3 36. Re7 Rd4 37. Rxe6 Kf7 38. Ng5+ Kg7 39. Ra6
Bb4 40. Ne6+ 1-0

[Event "WYCC U18 Girls 2013"]
[Site "Al-Ain UAE"]
[Date "2013.12.23"]
[Round "7.40"]
[White "Voges, Rachelle Mari"]
[Black "Van Niekerk, Robyn Julian"]
[Result "0-1"]
[WhiteTitle "WCM"]
[WhiteElo "1634"]
[BlackElo "1459"]
[WhiteFideId "14308908"]
[BlackFideId "14305020"]
[EventDate "2013.12.18"]

1. d4 d5 2. c4 e6 3. Nc3 Nf6 4. Nf3 Be7 5. Bg5 O-O 6. e3 h6 7. Bh4 Ne4 8. Bxe7
Qxe7 9. Nxe4 dxe4 10. Nd2 e5 11. d5 f5 12. Be2 b6 13. Qc2 c6 14. dxc6 Nxc6 15.
a3 a5 16. Rc1 Bb7 17. c5 bxc5 18. Qxc5 Qf6 19. O-O Rfc8 20. Qb6 Rab8 21. Rc3 Kh7
22. Rfc1 Ba8 23. Qa6 Bb7 24. Qb6 Ba8 25. Qa6 Bb7 26. Qb5 Ba8 27. Qa6 Bb7 28. Qc4
Nd4 29. exd4 Rxc4 30. dxe5 Rxc3 31. Rxc3 Qxe5 0-1

[Event "WYCC U18 Girls 2013"]
[Site "Al-Ain UAE"]
[Date "2013.12.23"]
[Round "7.42"]
[White "Lalaoui, Feriel"]
[Black "Kulatunga, Dinithi"]
[Result "1-0"]
[WhiteTitle "WCM"]
[WhiteElo "1754"]
[BlackElo "1503"]
[WhiteFideId "7900481"]
[BlackFideId "9913440"]
[EventDate "2013.12.18"]

1. e4 c5 2. Nf3 d6 3. d4 cxd4 4. Nxd4 Nf6 5. Nc3 a6 6. Be3 e5 7. Nb3 Be6 8. Be2
Be7 9. O-O O-O 10. Kh1 Nc6 11. f4 exf4 12. Bxf4 Rc8 13. Qd2 Ne5 14. Rad1 Qc7 15.
Nd4 Rfd8 16. Nf5 Bf8 17. Bg5 Be7 18. Nxe7+ Qxe7 19. Bxf6 gxf6 20. Nd5 Bxd5 21.
exd5 Ng6 22. Rde1 Ne5 23. Qh6 Qf8 24. Qxf6 Rxc2 25. Qg5+ Kh8 26. Qf6+ Kg8 27.
Rf5 Rc7 28. Rg5+ Ng6 29. Bd3 b5 30. h4 h6 31. Rg3 Rcc8 32. Bxg6 fxg6 33. Rxg6+
Kh7 34. Re7+ Qxe7 35. Rxh6+ Kg8 36. Rh8# 1-0

[Event "WYCC U18 Girls 2013"]
[Site "Al-Ain UAE"]
[Date "2013.12.23"]
[Round "7.44"]
[White "Al Dhaffari, Salma"]
[Black "De Silva, Shelani"]
[Result "1/2-1/2"]
[WhiteElo "1625"]
[BlackElo "1633"]
[WhiteFideId "9305335"]
[BlackFideId "9909745"]
[EventDate "2013.12.18"]

1. d4 Nf6 2. c4 g6 3. Nc3 Bg7 4. e4 d6 5. Nf3 O-O 6. Be2 e5 7. d5 Nbd7 8. Bg5 h6
9. Bh4 Nb6 10. Nd2 c6 11. O-O Qc7 12. f3 Nh5 13. Re1 f5 14. b4 f4 15. c5 dxc5
16. bxc5 cxd5 17. cxb6 Qxc3 18. exd5 Nf6 19. bxa7 Rxa7 20. Bc4 Kh7 21. Rc1 Qb2
22. Rb1 Qc3 23. Rc1 Qb2 24. Bb3 b5 25. Bf2 Qa3 26. Bxa7 Qxa7+ 27. Kh1 Bd7 28. d6
Rd8 29. Ne4 Nxe4 30. Rxe4 Qb6 31. Re2 e4 32. Rxe4 Bf5 33. Re7 Rxd6 34. Qe1 Rd7
35. Rc8 Rxe7 36. Qxe7 Bxc8 37. Qe8 h5 38. Qxc8 Qe3 39. h3 Qe1+ 40. Kh2 Qg3+ 1/2-1/2

[Event "WYCC U18 Girls 2013"]
[Site "Al-Ain UAE"]
[Date "2013.12.24"]
[Round "8.1"]
[White "Ibrahimova, Sabina"]
[Black "Saduakassova, Dinara"]
[Result "1/2-1/2"]
[WhiteTitle "WIM"]
[BlackTitle "WGM"]
[WhiteElo "2205"]
[BlackElo "2357"]
[WhiteFideId "13403893"]
[BlackFideId "13700090"]
[EventDate "2013.12.18"]

1. e4 c6 2. d4 d5 3. Nc3 dxe4 4. Nxe4 Bf5 5. Ng3 Bg6 6. Nh3 Nd7 7. Bc4 Ngf6 8.
O-O Nb6 9. Bb3 e6 10. f4 Be7 11. f5 exf5 12. Nxf5 Bxf5 13. Rxf5 O-O 14. c3 Rc8
15. Qf3 Nbd5 16. Bg5 h6 17. Bxf6 Nxf6 18. Rf1 c5 19. dxc5 Rxc5 20. Qxb7 Rxf5 21.
Rxf5 Qd3 22. Qb5 Qe3+ 23. Kh1 Ne4 24. Rf3 Qd2 25. Qf1 Bf6 26. Qb1 Re8 27. Rf1
Qe3 28. Qd1 Nd2 29. Rg1 Rd8 30. Qh5 Re8 1/2-1/2